| 000 | 00487nam a2200181Ia 4500 | ||
|---|---|---|---|
| 008 | 230917s9999||||xx |||||||||||||| ||und|| | ||
| 020 | _cRS1395 | ||
| 040 |
_e236876 _aMAIN |
||
| 041 | _aEnglish | ||
| 082 | _a361.322 K116S(5) | ||
| 100 | _aKadushin, Alfred | ||
| 245 | 0 | _aSocial work interview | |
| 250 | _a5th ed. | ||
| 260 |
_aJaipur _bRawat Publications _c2015 |
||
| 300 | _axiii, 404 p. | ||
| 500 | _a2522 04/01/2017 HBD17/6759 05/01/2017 Main Budget Periodicals | ||
| 942 | _cBK | ||
| 999 |
_c20464 _d20464 |
||